000 00661nam a2200217Ia 4500
005 20250508165145.0
008 008 250505s9999 xx 000 0 eng d
020 _a81-7371-238-7
037 _aTextual
040 _aFEDL
_beng
_cFEDL
041 _aeng
_2eng
084 _a523.01, SRI
_qFEDL
100 _aSrinivasan G Ed.
_9776381
245 0 _aFrom white dwarfs to black holes: The legacy of S. Chandrasekhar
260 _aHyderabad, India
_bUniversities Press (India) Limited
_c1999
300 _axiii,240p
365 _aINR
_b350
546 _aAcc No. 087129 is RSPEE book
942 _cTEXL
_h523.01, SRI
999 _c1393490
_d1393490